Ortografia - Statystyki

Ogólne statystyki
  • Ten quiz został rozwiązany 136 razy
  • Średni wynik to 17 z 27
Statystyki odpowiedzi
Zagadnienie Komórka Select % Poprawnych
1 Skófka Nie
95%
1 Skófka Nie
93%
1 Skufka Nie
93%
1 Skufka Nie
93%
1 Szówka Nie
93%
2 Królofie Nie
87%
2 Krolofie Nie
87%
2 Krulofie Nie
87%
2 Krulowie Nie
87%
2 Krolówie Nie
76%
2 Królowie Tak
73%
1 Skówka Nie
69%
1 Skówka Nie
65%
2 Królowie Tak
63%
3 3 Tak
60%
3 3 Tak
60%
2 Królowie Tak
56%
1 Skówka Nie
55%
1 Skuwka Tak
55%
2 Królowie Tak
50%
3 3 Nie
29%
3 1 Tak
24%
3 2 Tak
24%
3 1 Tak
23%
3 2 Tak
23%
3 2 Tak
22%
3 1 Tak
20%
Nie znaleziono quizów pasujących do podanych kryteriów
Rozkład punktacji
Procent ludzi z każdym wynikiem
Percentyl według liczby udzielonych odpowiedzi
Twoja historia wyników
Nie rozwiązałeś tego quizu